Top 10 des légendes du Brésil - Statistiques

Statistiques générales
  • Ce quiz a été pris 109 fois
  • Le résultat moyen est 7 sur 10
Statistiques - réponses
Hint Réponse % Correct
9 Neymar
95%
1 Pelé
93%
3 Ronaldo
92%
5 Ronaldinho
90%
6 Cafu
67%
7 Rivaldo
66%
10 Kaká
55%
2 Zico
50%
8 Sócrates
48%
4 Romário
41%
Aucun quiz correspondant
Distribution des résultats
% des personnes avec chaque résultat
Percentile par nombre de réponses
Votre historique - résultats
Vous n’avez pas pris ce quiz